000 00845cpcaa2200253 4500
001 mm 79000547
003 DLC
005 20260227111632.0
008 790413|||||||||||| eng
010 _amm 79000547
040 _aDLC
_edacs
_cDLC
_dDLC
072 7 _aN
_2lcmd
100 1 _aColeman, John James,
_d1804-approximately 1865.
245 0 0 _aJohn James Coleman papers,
_f1827-1929.
300 _a6
_fitems.
506 0 _aOpen to research.
533 _aNegative photocopies.
_b[S.l.].
545 0 _aJurist.
546 _aCollection material in English.
580 _aForms part of: Miscellaneous Manuscripts collection.
656 7 _aJurists.
_2itoamc
999 _c40473
_d40473